[Event "Leipzig VfB op 15th"]
[Site "Leipzig"]
[Date "2008.03.01"]
[Round "7"]
[White "Werner, Hubert"]
[Black "Huebner, Sebastian"]
[Result "1/2-1/2"]
[WhiteElo "1967"]
[BlackElo "1842"]
[PlyCount "56"]
[EventDate "2008.02.26"]
[EventType "swiss"]
[EventRounds "9"]
[EventCountry "GER"]
[SourceTitle "CBM 123 Extra"]
[Source "ChessBase"]
[SourceDate "2008.05.06"]
[SourceVersion "1"]
[SourceVersionDate "2008.05.06"]
[SourceQuality "1"]

1. c4 e5 2. Nc3 Nc6 3. g3 g6 4. Bg2 Nge7 5. d3 Bg7 6. e4 0-0 7. Nge2 d6 8. 0-0 f5 9. f4 Rb8 10. Be3 a6 11. Qd2 Be6 12. Nd5 Nd4 13. fxe5 dxe5 14. Bg5 Nxe2+ 15. Qxe2 Bxd5 16. cxd5 h6 17. Be3 Nc8 18. Rac1 Nd6 19. Qc2 Rc8 20. Qb3 Kh7 21. Rf2 Rf7 22. Rcf1 Qe7 23. Bc5 Rcf8 24. Qc2 Qg5 25. exf5 Rxf5 26. Be4 Rxf2 27. Rxf2 Rxf2 28. Bxf2 Qe7 1/2-1/2

[Event "Leipzig VfB op 13th"]
[Site "Leipzig"]
[Date "2006.03.18"]
[Round "7"]
[White "Huebner, Sebastian"]
[Black "Luda, Michael"]
[Result "1-0"]
[WhiteElo "1418"]
[BlackElo "1582"]
[PlyCount "63"]
[EventDate "2006.03.14"]
[EventType "swiss"]
[EventRounds "9"]
[EventCountry "GER"]
[SourceTitle "EXT 2008"]
[Source "ChessBase"]
[SourceDate "2007.11.25"]
[SourceVersion "1"]
[SourceVersionDate "2007.11.25"]
[SourceQuality "1"]

1. d4 d5 2. c4 dxc4 3. e3 c5 4. Nf3 b5 5. a4 Qa5+ 6. Bd2 b4 7. Bxc4 Ba6 8. Bd5 Nf6 9. Bxa8 e6 10. Na3 Be7 11. Nb5 0-0 12. 0-0 Qb6 13. dxc5 Bxc5 14. Qb3 Nbd7 15. Bxb4 Rxa8 16. Bxc5 Qxc5 17. Rac1 Qh5 18. Rc7 g5 19. h3 g4 20. hxg4 Qxg4 21. Rd1 e5 22. Nh2 Qf5 23. Qc2 e4 24. Qc6 Nb6 25. Rxa7 Rxa7 26. Nxa7 Nfd5 27. a5 Nxe3 28. Rd8+ Kg7 29. Qc3+ Kg6 30. Rg8+ Kh5 31. Qxe3 Qxa5 32. Qh3# 1-0

[Event "Leipzig VfB op 12th"]
[Site "Leipzig"]
[Date "2005.03.06"]
[Round "9"]
[White "Huebner, Sebastian"]
[Black "Mueller, Peter"]
[Result "1-0"]
[WhiteElo "1274"]
[BlackElo "1385"]
[PlyCount "64"]
[EventDate "2005.01.03"]
[EventType "swiss"]
[EventRounds "9"]
[EventCountry "GER"]
[SourceTitle "EXT 2008"]
[Source "ChessBase"]
[SourceDate "2007.11.25"]
[SourceVersion "1"]
[SourceVersionDate "2007.11.25"]
[SourceQuality "1"]

1. d4 Nf6 2. c4 e6 3. Nc3 Bb4 4. Nf3 c6 5. e3 0-0 6. Bd3 d5 7. cxd5 Nxd5 8. Bd2 Bxc3 9. bxc3 b5 10. 0-0 Bb7 11. Rb1 a6 12. c4 Nc7 13. c5 Nd7 14. e4 Nxc5 15. Bb4 Nxd3 16. Bxf8 Nxf2 17. Rxf2 Qxf8 18. Qd3 Qe7 19. Rbf1 Rd8 20. Ne5 f6 21. Ng4 Ne8 22. Ne3 c5 23. d5 c4 24. Qd4 exd5 25. exd5 Qf7 26. Rd2 Rd6 27. Re1 Nc7 28. Nf5 Rxd5 29. Ne7+ Kf8 30. Nxd5 Nxd5 31. Qa7 Qd7 32. Rxd5 Qxd5 1-0

[Event "Leipzig VfB op 12th"]
[Site "Leipzig"]
[Date "2005.03.02"]
[Round "2"]
[White "Patzer, Marco"]
[Black "Huebner, Sebastian"]
[Result "1-0"]
[WhiteElo "1686"]
[BlackElo "1274"]
[PlyCount "73"]
[EventDate "2005.01.03"]
[EventType "swiss"]
[EventRounds "9"]
[EventCountry "GER"]
[SourceTitle "EXT 2008"]
[Source "ChessBase"]
[SourceDate "2007.11.25"]
[SourceVersion "1"]
[SourceVersionDate "2007.11.25"]
[SourceQuality "1"]

1. e4 c6 2. d4 d5 3. exd5 cxd5 4. Bf4 Nc6 5. Nc3 a6 6. Nf3 Bg4 7. Be2 e6 8. 0-0 Nf6 9. Re1 Bd6 10. Bxd6 Qxd6 11. Ne5 Bxe2 12. Rxe2 0-0 13. a3 Nd7 14. Nf3 Rac8 15. Qd3 h6 16. Rae1 b5 17. Na2 Na5 18. g4 Nc4 19. b3 Nxa3 20. g5 Rc7 21. g6 Re8 22. gxf7+ Kxf7 23. Nh4 Nf6 24. Qg6+ Kg8 25. Nf5 Qd7 26. c3 a5 27. Re3 Nc2 28. Nxh6+ Kh8 29. Rh3 gxh6 30. Rxh6+ Nh7 31. Rxh7+ Qxh7 32. Qxe8+ Qg8+ 33. Qxg8+ Kxg8 34. Rxe6 b4 35. cxb4 Nxb4 36. Nxb4 axb4 37. Rb6 1-0